Normal view
MARC view
Entry Geographic Name
001 - CONTROL NUMBER
- control field: 49267
003 - CONTROL NUMBER IDENTIFIER
- control field: ARRUPE
005 - DATE AND TIME OF LATEST TRANSACTION
- control field: 20200203092037.0
008 - FIXED-LENGTH DATA ELEMENTS
- fixed length control field: 200203|| aca||aabn | a|a d
040 ## - CATALOGING SOURCE
- Original cataloging agency: ARRUPE
- Transcribing agency: ARRUPE
151 ## - HEADING--GEOGRAPHIC NAME
- Geographic name: England
- General subdivision: Intellectual life.
670 ## - SOURCE DATA FOUND
- Source citation: Work cat.: (ARRUPE)0: Johns, Adrian. 49258, The nature of the book :, 1998.